Click the flag - Statistics

General Stats
  • This quiz has been taken 157 times
  • The average score is 8 of 11
Answer Stats
Question Answer % Correct
Click the Antigua and barbuda
100%
Click the Saudi arabia
100%
Vietnam Type Star count 1
100%
Red circle? Japan
100%
Nordic of red background
82%
🇲🇾 Malaysia
82%
Most green with 2 appear
73%
Cambodia's Old Every historyed name Democratic Kampuchea
73%
Ukraine transforming with nordic
55%
Color red is right flag
45%
Territory usa mistake
9%
No matching quizzes found
Score Distribution
Percent of People with Each Score
Percentile by Number Answered
Your Score History
You have not taken this quiz